ბათუმის შოთა რუსთაველის სახელმწიფო უნივერსიტეტის ბიბლიოთეკა

კულტურა,ფილოსოფია,ღირებულებები (ბიბ.ჩანაწერი № 40022)

000 -LEADER
fixed length control field 00836nam a2200205Ia 4500
001 - CONTROL NUMBER
control field 6628
003 - CONTROL NUMBER IDENTIFIER
control field GE_BSU
008 - FIXED-LENGTH DATA ELEMENTS--GENERAL INFORMATION
fixed length control field 181216s||||||||xx |||||||||||||| ||und||
040 ## - CATALOGING SOURCE
Transcribing agency GE_BSU
080 ## - UNIVERSAL DECIMAL CLASSIFICATION NUMBER
Universal Decimal Classification number 008+1
245 ## - TITLE STATEMENT
Title კულტურა,ფილოსოფია,ღირებულებები
245 ## - TITLE STATEMENT
Remainder of title XX საუკუნის 10 ქართველი ფილოსოფოსი
245 ## - TITLE STATEMENT
Statement of responsibility, etc. შემდგ.შესავალი წერილის ავტორი და რედ. მიხეილ მახარაძე
260 ## - PUBLICATION, DISTRIBUTION, ETC.
Place of publication, distribution, etc. ბათუმი
260 ## - PUBLICATION, DISTRIBUTION, ETC.
Name of publisher, distributor, etc. შპს "პალიტრა-ფისტი-1
260 ## - PUBLICATION, DISTRIBUTION, ETC.
Date of publication, distribution, etc. 2009
300 ## - PHYSICAL DESCRIPTION
Extent 112გვ.20სმ.
653 ## - INDEX TERM--UNCONTROLLED
Uncontrolled term კულტურა,ფილოსოფია,ღირებულებები
942 ## - ADDED ENTRY ELEMENTS (KOHA)
Koha item type წიგნი
ეგზემპლარები
Withdrawn status Lost status Damaged status Not for loan Date acquired Barcode Date last seen Price effective from Koha item type
        2018-12-17 6986 2018-12-17 2018-12-17 წიგნი